Hard African Capitals - Statistics

General Stats
  • This quiz has been taken 44 times
  • The average score is 10 of 12
Answer Stats
Country Capital % Correct
Sudan Khartoum
90%
DRC Kinshasa
90%
Burkina Faso Ouagadougou
90%
Somalia Mogadishu
87%
Liberia Monrovia
87%
Guinea Conakry
83%
Uganda Kampala
83%
CAR Bangui
80%
Ivory Coast Yamoussoukro
80%
Mali Bamako
77%
Gambia Banjul
73%
Mauritania Nouakchott
73%
No matching quizzes found
Score Distribution
Percent of People with Each Score
Percentile by Number Answered
Your Score History
You have not taken this quiz